| 000 | 00449nam a2200181Ia 4500 | ||
|---|---|---|---|
| 008 | 230524s9999 xx 000 0 und d | ||
| 020 | _a9780070634169 | ||
| 082 |
_a518.4 _bCHA |
||
| 100 | _aSteven C Chapra | ||
| 245 | 0 | _a"Numerical Methods for Engineers," | |
| 250 | _a5TH | ||
| 260 |
_aNEW DELHI _bTMH _c2010 |
||
| 300 | _aXVII;773 | ||
| 500 | _aQuantity Number: 112 | ||
| 650 | _aMathematics | ||
| 700 | _a Raymond P Canale | ||
| 942 | _cBK | ||
| 999 |
_c48563 _d48563 |
||